परमवीर चक्र विजेता / (Record no. 174996)
[ view plain ]
| 000 -LEADER | |
|---|---|
| fixed length control field | 01404nam a22002417a 4500 |
| 005 - DATE AND TIME OF LATEST TRANSACTION | |
| control field | 20200731142906.0 |
| 010 ## - LCCN (DPL NO) | |
| LC control number | B-734571-575 |
| 020 ## - INTERNATIONAL STANDARD BOOK NUMBER | |
| International Standard Book Number | 9788190483421 |
| Terms of availability | 495.00 |
| 035 ## - SYSTEM CONTROL NUMBER | |
| System control number | B-734571-575 |
| 037 ## - SOURCE OF ACQUISITION | |
| Source of stock number/acquisition | एक्सप्रेस बुक्स |
| 082 ## - DEWEY DECIMAL CLASSIFICATION NUMBER | |
| Classification number | 929.8154 |
| 100 ## - MAIN ENTRY--PERSONAL NAME | |
| Personal name | रामपाल सिंह |
| 245 ## - TITLE STATEMENT | |
| Title | परमवीर चक्र विजेता / |
| Statement of responsibility, etc | रामपाल सिंह एवं बिमला देवी |
| Remainder of title | |
| 246 ## - VARYING FORM OF TITLE | |
| Title proper/short title | Paramveer chakra vijeta |
| Remainder of title | by Rampal Singh and Vimla devi |
| 260 ## - PUBLICATION, DISTRIBUTION, ETC. (IMPRINT) | |
| Place of publication, distribution, etc | दिल्ली |
| Name of publisher, distributor, etc | एक्सप्रेस बुक्स |
| Date of publication, distribution, etc | 2017 |
| 270 ## - ADDRESS | |
| Address | 1376, सैकेंड फ्लोर, निकट इंडियन बैंक,कश्मीरी गेट, |
| City | दिल्ली |
| Postal code | 110006 |
| Telephone number | |
| Fax number | |
| Electronic mail address | |
| 300 ## - PHYSICAL DESCRIPTION | |
| Extent | 200पृ: |
| Dimensions | 22सेमी सजिल्द) |
| Other physical details | सचित्र |
| 650 ## - SUBJECT ADDED ENTRY--TOPICAL TERM | |
| Topical term or geographic name as entry element | पुरस्कार |
| General subdivision | |
| Geographic subdivision | भारत |
| 650 ## - SUBJECT ADDED ENTRY--TOPICAL TERM | |
| Topical term or geographic name as entry element | परमवीर चक्र |
| General subdivision | |
| Geographic subdivision | |
| 700 ## - ADDED ENTRY--PERSONAL NAME | |
| Personal name | बिमला देवी |
| 9 (RLIN) | 26150 |
| 942 ## - ADDED ENTRY ELEMENTS (KOHA) | |
| Source of classification or shelving scheme | Dewey Decimal Classification |
| Item type | Hindi Books |
| Classification part | 929.8154 |
| Call number suffix | रामपा |
| Withdrawn status | Lost status | Not for loan | Collection code | Home library | Current library | Date acquired | Source of acquisition | Cost, normal purchase price | Full call number | Barcode | Copy number | Cost, replacement price | Koha item type | Public note |
|---|---|---|---|---|---|---|---|---|---|---|---|---|---|---|
| Non-fiction | Mobile Library | Mobile Library | 31/07/2020 | एक्सप्रेस बुक्स/EXP/01/2.3.2020/95/26.2.2020/11.3.2020 | 495.00 | 929.8154 रामपा | B-734571 | 5 | 495.00 | Hindi Books | AAI(CSR) | |||
| Non-fiction | Mobile Library | Mobile Library | 31/07/2020 | एक्सप्रेस बुक्स/EXP/01/2.3.2020/95/26.2.2020/11.3.2020 | 495.00 | 929.8154 रामपा | B-734572 | 5 | 495.00 | Hindi Books | AAI(CSR) | |||
| Non-fiction | Mobile Library | Mobile Library | 31/07/2020 | एक्सप्रेस बुक्स/EXP/01/2.3.2020/95/26.2.2020/11.3.2020 | 495.00 | 929.8154 रामपा | B-734573 | 5 | 495.00 | Hindi Books | AAI(CSR) | |||
| Non-fiction | Mobile Library | Mobile Library | 31/07/2020 | एक्सप्रेस बुक्स/EXP/01/2.3.2020/95/26.2.2020/11.3.2020 | 495.00 | 929.8154 रामपा | B-734574 | 5 | 495.00 | Hindi Books | AAI(CSR) | |||
| Non-fiction | Mobile Library | Mobile Library | 31/07/2020 | एक्सप्रेस बुक्स/EXP/01/2.3.2020/95/26.2.2020/11.3.2020 | 495.00 | 929.8154 रामपा | B-734575 | 5 | 495.00 | Hindi Books | AAI(CSR) |
